SAMS teach yourself Microsoft Access 2000 in 21 days /

保存先:
書誌詳細
第一著者: Cassel, Paul.
フォーマット: 図書
言語:English
出版事項: Indianapolis, Ind. : Sams, 1999.
主題:
タグ: タグ追加
タグなし, このレコードへの初めてのタグを付けませんか!
Thư viện lưu trữ: Mạng thư viện Đại học Đà Nẵng
LEADER 00870cam a2200337 i 4500
001 000045532
003 4717
005 20030228104237.0
008 010220|1999 vm 000 eng
020 |a 0672312921 
040 |a IRC  |c IRC  |d IRC 
041 0 |a eng 
082 1 4 |a 005.7565  |b CA-P 
100 1 |a Cassel, Paul. 
245 0 0 |a SAMS teach yourself Microsoft Access 2000 in 21 days /  |c Paul Cassel. 
260 |a Indianapolis, Ind. :  |b Sams,  |c 1999. 
300 |a xvii, 785p. :  |b ill. 
630 0 4 |a Computer. 
630 0 4 |a Microsoft Access. 
650 0 4 |a Database management. 
650 0 4 |a Microsoft Access (Computer file) 
OWN |a DUT 
999 |a From the UDN01 
TYP |a Monograph 
TYP |a Printed language 
980 |a Mạng thư viện Đại học Đà Nẵng